[Event "DFMM: Berlin-Bayern"]
[Site "Braunfels"]
[Date "2010.06.04"]
[Round "3.4"]
[White "Fischer, Anke"]
[Black "Niedermaier, Barbara"]
[Result "0-1"]
[WhiteElo "1845"]
[BlackElo "2003"]
[PlyCount "62"]
[EventDate "2010.06.03"]
[WhiteTeam "Berlin"]
[BlackTeam "Bayern"]

1. e4 c5 2. c3 d6 3. d4 cxd4 4. cxd4 Nf6 5. Nc3 a6 6. h3 g6 7. Nf3 Bg7 8. Be2
O-O 9. O-O b5 10. a3 e6 11. Re1 h6 12. Bf4 Bb7 13. Bd3 Kh7 14. Qe2 Nc6 15. b4
Rc8 16. Rac1 Ne8 17. e5 dxe5 18. dxe5 Nd4 19. Nxd4 Qxd4 20. Ne4 Rxc1 21. Bxc1
Bxe5 22. Nc5 Bxg2 23. Kxg2 Bg7 24. Nxa6 Nd6 25. Bxb5 Qd5+ 26. f3 Nxb5 27. Nc5
Nd4 28. Qd1 Rd8 29. Be3 Qa2+ 30. Qd2 Qxa3 31. Rd1 Nc6 0-1

[Event "DFMM: Berlin-Bayern"]
[Site "Braunfels"]
[Date "2010.06.04"]
[Round "3.5"]
[White "Specht, Maria"]
[Black "Nekrasova, Kateryna"]
[Result "1/2-1/2"]
[WhiteElo "1936"]
[BlackElo "1799"]
[PlyCount "80"]
[EventDate "2010.06.03"]
[WhiteTeam "Bayern"]
[BlackTeam "Berlin"]

1. d4 d5 2. e3 e6 3. Bd3 Nf6 4. Nd2 c5 5. c3 Nc6 6. Ngf3 Bd6 7. Qe2 O-O 8. O-O
Qc7 9. h3 b6 10. e4 dxe4 11. Nxe4 Nxe4 12. Qxe4 f5 13. Qh4 e5 14. Bc4+ Kh8 15.
Ng5 h6 16. Qh5 f4 17. Qg6 Bf5 18. Nf7+ Rxf7 19. Qxf7 Qxf7 20. Bxf7 exd4 21.
cxd4 Nxd4 22. Bd2 Rf8 23. Bh5 f3 24. Bc3 Ne2+ 25. Kh1 fxg2+ 26. Kxg2 Nf4+ 27.
Kg1 Nxh5 28. Rad1 Bc7 29. Rfe1 Nf4 30. Re7 Ne6 31. Rdd7 Bd8 32. Rf7 Rxf7 33.
Rxf7 Bxh3 34. Rxa7 Kg8 35. Be5 Bf5 36. Rd7 h5 37. Bxg7 Nxg7 38. Rxd8+ Kf7 39.
Rb8 Ne6 40. Rxb6 Ke7 1/2-1/2

[Event "DFMM: Berlin-Bayern"]
[Site "Braunfels"]
[Date "2010.06.04"]
[Round "3.6"]
[White "Velina, Valeria"]
[Black "Roos, Karin"]
[Result "0-1"]
[WhiteElo "1776"]
[BlackElo "1875"]
[PlyCount "96"]
[EventDate "2010.06.03"]
[WhiteTeam "Berlin"]
[BlackTeam "Bayern"]

1. e4 d6 2. d4 g6 3. Bd3 Bg7 4. c3 Nf6 5. Nf3 Bg4 6. h3 Bxf3 7. Qxf3 O-O 8. O-O
c5 9. dxc5 Nc6 10. cxd6 Ne5 11. Qe2 Qxd6 12. Bc2 Rad8 13. Na3 a6 14. Bf4 Nh5
15. Be3 b5 16. Rad1 Qc6 17. Rxd8 Rxd8 18. Rd1 Rc8 19. Rd5 Nd7 20. Qd1 Nhf6 21.
Rd2 Rc7 22. f3 Ne8 23. Bb3 e6 24. c4 Bf6 25. cxb5 axb5 26. Rc2 Qb7 27. Rxc7
Qxc7 28. Nxb5 Qb7 29. Nc3 Nf8 30. Qd2 Qc8 31. Bg5 Qc5+ 32. Be3 Qc7 33. Nb5 Qb7
34. Nc3 Qc7 35. Ba4 Nd6 36. Nb5 Nxb5 37. Bxb5 Qe5 38. Bc6 Kg7 39. Bh6+ Kg8 40.
b3 Qc5+ 41. Be3 Qxc6 42. a4 Nd7 43. Kf1 Be7 44. Qd3 Ne5 45. Qd2 Qa6+ 46. Qe2
Nd3 47. g4 Bb4 48. Kg2 Nf4+ 0-1

[Event "DFMM: Berlin-Bayern"]
[Site "Braunfels"]
[Date "2010.06.04"]
[Round "3.7"]
[White "Lorenz, Oda"]
[Black "Schön, Heike"]
[Result "1-0"]
[WhiteElo "1877"]
[BlackElo "1696"]
[PlyCount "137"]
[EventDate "2010.06.03"]
[WhiteTeam "Bayern"]
[BlackTeam "Berlin"]

1. e4 c6 2. d4 d5 3. Nc3 dxe4 4. Nxe4 Nd7 5. Nf3 Ngf6 6. Ng3 e6 7. Bd3 c5 8.
O-O cxd4 9. Nxd4 Bc5 10. Nb3 O-O 11. Bg5 h6 12. Nxc5 Nxc5 13. Be3 Nxd3 14. cxd3
b6 15. Qf3 Ba6 16. Rfd1 Rc8 17. Rac1 Rxc1 18. Bxc1 Qe7 19. Ne4 Nxe4 20. dxe4
Bb7 21. Qg4 Kh7 22. h3 Rc8 23. Bd2 Rc4 24. Bc3 f6 25. Qe2 Rc7 26. Qd3 e5 27. a3
Bc6 28. Bb4 Qf7 29. Qf3 Qg6 30. Re1 Rd7 31. Bc3 Bb5 32. Qf5 Qxf5 33. exf5 Bd3
34. g4 Bc2 35. Kg2 Kg8 36. Kg3 Rd3+ 37. Kh4 Bb3 38. f4 Bd5 39. g5 hxg5+ 40.
fxg5 Bg2 41. gxf6 gxf6 42. Rg1 Rxh3+ 43. Kg4 Rxc3 44. bxc3 Be4 45. Rd1 Kf8 46.
Rd7 a5 47. Rd8+ Ke7 48. Rb8 Kd6 49. Rxb6+ Bc6 50. Ra6 a4 51. Ra7 Bd7 52. Ra8
Ke7 53. Rh8 Bc6 54. Rh7+ Ke8 55. c4 Bd7 56. c5 e4 57. Kf4 e3 58. Rh3 Kd8 59.
Rxe3 Kc7 60. Re7 Kc6 61. Rxd7 Kxd7 62. Ke4 Kc6 63. Kd4 Kb5 64. Kd5 Ka5 65. c6
Kb6 66. Kd6 Kb5 67. c7 Kc4 68. c8=Q+ Kb3 69. Qc5 1-0

[Event "DFMM: Berlin-Bayern"]
[Site "Braunfels"]
[Date "2010.06.04"]
[Round "3.8"]
[White "Strate, Gerda"]
[Black "Metzner, Anita"]
[Result "1/2-1/2"]
[WhiteElo "1696"]
[BlackElo "1613"]
[PlyCount "81"]
[EventDate "2010.06.03"]
[WhiteTeam "Berlin"]
[BlackTeam "Bayern"]

1. e4 g6 2. d4 Bg7 3. Nf3 d6 4. Bc4 Nf6 5. Nc3 O-O 6. Bg5 Bg4 7. h3 Bxf3 8.
Qxf3 h6 9. Be3 Nc6 10. Rd1 e6 11. Bb3 Na5 12. e5 Ne8 13. O-O Nxb3 14. axb3 d5
15. Ne2 Kh7 16. Nf4 Qe7 17. c4 c6 18. Qe2 f6 19. Qg4 Qf7 20. Nxe6 Rg8 21. Nxg7
Nxg7 22. exf6 Qxf6 23. Qd7 Rab8 24. Qc7 Rgc8 25. Qa5 dxc4 26. bxc4 a6 27. Qd2
Nf5 28. Bf4 Ra8 29. Be5 Qf7 30. b3 Rd8 31. Qf4 Rd7 32. Rd3 Rad8 33. Rf3 Qe6 34.
Rd1 b5 35. Qc1 Nxd4 36. Bxd4 Rxd4 37. Re1 Qd6 38. Rfe3 Rd1 39. Qc3 Rxe1+ 40.
Rxe1 Qd7 41. Qa1 1/2-1/2

[Event "DFMM: NRW I-Thüringen"]
[Site "Braunfels"]
[Date "2010.06.05"]
[Round "4.1"]
[White "Hannes, Diana"]
[Black "Dergatschova, Anna"]
[Result "1-0"]
[WhiteElo "2124"]
[BlackElo "2232"]
[PlyCount "137"]
[EventDate "2010.06.03"]
[WhiteTeam "Thüringen"]
[BlackTeam "NRW I"]

1. e4 c5 2. Nf3 Nc6 3. d4 cxd4 4. Nxd4 g6 5. c4 Nf6 6. Nc3 Nxd4 7. Qxd4 d6 8.
f3 Bg7 9. Be3 O-O 10. Qd2 Be6 11. Rc1 Rc8 12. b3 Qa5 13. Be2 Nd7 14. O-O Rfe8
15. Rfd1 a6 16. Bd4 Bxd4+ 17. Qxd4 Qc5 18. Qxc5 Rxc5 19. a4 Rc7 20. Rb1 g5 21.
Kf2 Ne5 22. g3 Ng6 23. Bd3 Rf8 24. Ne2 Bd7 25. Nd4 Ne5 26. Ke3 e6 27. Be2 Ng6
28. Nc2 b5 29. axb5 axb5 30. Rxd6 bxc4 31. bxc4 Ne5 32. Na3 Ra8 33. Rb3 Ba4 34.
Rc3 h6 35. f4 Nd7 36. Rcd3 Ra5 37. Rd2 Nc5 38. Rb2 Bc6 39. Nb5 Rc8 40. Bd3 Ra4
41. e5 Kg7 42. Rd4 Bxb5 43. cxb5 Nxd3 44. Kxd3 Ra3+ 45. Ke4 gxf4 46. gxf4 f5+
47. exf6+ Kxf6 48. b6 Rcc3 49. Rdb4 Ra8 50. b7 Rb8 51. Kd4 Rc7 52. Ke4 h5 53.
R2b3 Rg7 54. Rb6 Rg2 55. R3b5 h4 56. f5 Rxh2 57. Rxe6+ Kf7 58. Kf3 Ra2 59. Rc6
h3 60. Rbb6 Ke7 61. Rc7+ Kd8 62. Rh7 h2 63. Rb1 Rd2 64. f6 Rd7 65. f7 Kc7 66.
Kg2 Rxb7 67. Rxb7+ Kxb7 68. Rg7 Rd2+ 69. Kh1 1-0

[Event "DFMM: NRW I-Thüringen"]
[Site "Braunfels"]
[Date "2010.06.05"]
[Round "4.2"]
[White "Rudolph, Anna"]
[Black "Müller-Ludwig, Kristin"]
[Result "1/2-1/2"]
[WhiteElo "2271"]
[BlackElo "2151"]
[PlyCount "39"]
[EventDate "2010.06.03"]
[WhiteTeam "NRW I"]
[BlackTeam "Thüringen"]

1. e4 e6 2. d4 d5 3. Nc3 Bb4 4. e5 Ne7 5. a3 Bxc3+ 6. bxc3 c5 7. Qg4 Qc7 8.
Qxg7 Rg8 9. Qxh7 cxd4 10. Ne2 Nbc6 11. f4 dxc3 12. Qd3 d4 13. h4 Bd7 14. h5
O-O-O 15. h6 Ng6 16. Rb1 Be8 17. g4 Ncxe5 18. fxe5 Nxe5 19. Qg3 Bc6 20. Bf4
1/2-1/2

[Event "DFMM: NRW I-Thüringen"]
[Site "Braunfels"]
[Date "2010.06.05"]
[Round "4.3"]
[White "Skibbe, Diana"]
[Black "Vovk, Oksana"]
[Result "1/2-1/2"]
[WhiteElo "2083"]
[BlackElo "2123"]
[PlyCount "61"]
[EventDate "2010.06.03"]
[WhiteTeam "Thüringen"]
[BlackTeam "NRW I"]

1. e4 e6 2. d4 d5 3. Nc3 dxe4 4. Nxe4 Bd7 5. Nf3 Bc6 6. Bd3 Nd7 7. O-O Be7 8.
Qe2 Ngf6 9. Rd1 O-O 10. Nxf6+ Nxf6 11. Ne5 Qd5 12. Nxc6 Qxc6 13. c4 Qd7 14. Bf4
Bd6 15. Be5 Qe7 16. Rac1 c6 17. Rc3 h6 18. Bb1 Rfd8 19. Rh3 Bxe5 20. dxe5 Ne8
21. Rhd3 Qg5 22. g3 Rxd3 23. Rxd3 Rd8 24. f4 Qe7 25. Kg2 Kf8 26. Qd2 Rxd3 27.
Qxd3 Qb4 28. b3 Ke7 29. Bc2 Qa3 30. Bb1 Qb2+ 31. Qc2 1/2-1/2

[Event "DFMM: NRW I-Thüringen"]
[Site "Braunfels"]
[Date "2010.06.05"]
[Round "4.4"]
[White "Freitag, Julia"]
[Black "Lange, Corinna"]
[Result "1/2-1/2"]
[WhiteElo "2202"]
[BlackElo "2033"]
[PlyCount "42"]
[EventDate "2010.06.03"]
[WhiteTeam "NRW I"]
[BlackTeam "Thüringen"]

1. d4 e6 2. e3 b6 3. f4 Bb7 4. Nf3 f5 5. Bd3 Nf6 6. O-O Be7 7. c4 O-O 8. Bd2
Kh8 9. b4 d6 10. a4 c5 11. a5 cxb4 12. Bxb4 bxa5 13. Bxa5 Qd7 14. Qc2 Rc8 15.
Bc3 Ne4 16. Nbd2 Nxc3 17. Qxc3 Bf6 18. Nb3 Na6 19. Qd2 Bxf3 20. Rxf3 Qb7 21.
Na5 Qb4 1/2-1/2

[Event "DFMM: NRW I-Thüringen"]
[Site "Braunfels"]
[Date "2010.06.05"]
[Round "4.5"]
[White "Kube, Hannelore"]
[Black "Nattermüller, Irina"]
[Result "1/2-1/2"]
[WhiteElo "2001"]
[BlackElo "2100"]
[PlyCount "118"]
[EventDate "2010.06.03"]
[WhiteTeam "Thüringen"]
[BlackTeam "NRW I"]

1. c4 c5 2. g3 e6 3. Bg2 d5 4. d4 cxd4 5. cxd5 exd5 6. Qxd4 Nf6 7. Nf3 Nc6 8.
Qd1 Be7 9. O-O O-O 10. Nc3 Re8 11. Bf4 a6 12. Nd4 h6 13. e4 Nxd4 14. Qxd4 dxe4
15. Qxd8 Bxd8 16. Rfe1 Bf5 17. Rad1 Ba5 18. Rd4 Rac8 19. h3 Rxc3 20. Ra4 Rc5
21. b4 Bxb4 22. Rxb4 b5 23. a4 Nd5 24. Rd4 Nxf4 25. gxf4 Rc4 26. Rxc4 bxc4 27.
Rc1 Rc8 28. Rc3 a5 29. Kf1 Bd7 30. Bxe4 Bxa4 31. Ra3 Bd7 32. Rxa5 Bxh3+ 33. Ke2
Re8 34. f3 f5 35. Ra8 Kf7 36. Rxe8 Kxe8 37. Bd5 c3 38. Kd3 Bf1+ 39. Kxc3 Ke7
40. Kd2 Kf6 41. Ke1 Ba6 42. Kf2 Bc8 43. Kg3 Be6 44. Bc6 Ke7 45. Kh4 Kd6 46. Be8
Bd5 47. Kg3 Kc5 48. Bd7 g6 49. Be8 g5 50. fxg5 hxg5 51. f4 Kd4 52. fxg5 Ke3 53.
g6 f4+ 54. Kh2 f3 55. Bb5 Kf4 56. g7 f2 57. Ba6 Ke5 58. Kg3 Kf6 59. g8=Q Bxg8
1/2-1/2

[Event "DFMM: NRW I-Thüringen"]
[Site "Braunfels"]
[Date "2010.06.05"]
[Round "4.6"]
[White "Lopatin, Olga"]
[Black "v.d. Weth - v. Nordheim, Petra"]
[Result "1-0"]
[WhiteElo "2136"]
[BlackElo "1798"]
[PlyCount "43"]
[EventDate "2010.06.03"]
[WhiteTeam "NRW I"]
[BlackTeam "Thüringen"]

1. Nf3 c5 2. e4 Nc6 3. Bc4 e6 4. Qe2 Nge7 5. Nc3 a6 6. a4 g6 7. e5 d5 8. exd6
Nf5 9. Ne4 b6 10. d7+ Bxd7 11. c3 Bc8 12. O-O Bg7 13. d3 O-O 14. Bf4 e5 15. Bg5
Qc7 16. Bf6 Nd6 17. Bxg7 Kxg7 18. Bd5 f6 19. b4 cxb4 20. cxb4 Bb7 21. Rfc1 b5
22. Nc5 1-0

[Event "DFMM: NRW I-Thüringen"]
[Site "Braunfels"]
[Date "2010.06.05"]
[Round "4.7"]
[White "Grohmann, Katrin"]
[Black "Leveikina, Jevgenija"]
[Result "0-1"]
[WhiteElo "1898"]
[BlackElo "2076"]
[PlyCount "60"]
[EventDate "2010.06.03"]
[WhiteTeam "Thüringen"]
[BlackTeam "NRW I"]

1. e4 c6 2. d4 d5 3. exd5 cxd5 4. Bd3 Nc6 5. c3 e5 6. dxe5 Nxe5 7. Bb5+ Nc6 8.
Qe2+ Be7 9. Bg5 Be6 10. Bxe7 Ngxe7 11. h3 O-O 12. Nf3 Ng6 13. O-O Qf6 14. Bxc6
bxc6 15. Nd4 Bd7 16. Qf3 Nf4 17. Na3 c5 18. Nb3 Nxh3+ 19. Kh1 Qxf3 20. gxf3
Rac8 21. Rad1 Be6 22. Nb5 a6 23. Na3 Rfd8 24. Kg2 Nf4+ 25. Kg3 g5 26. Nc2 Kg7
27. Rfe1 h5 28. Nc1 Rd7 29. b3 Rcd8 30. Nd3 Bf5 0-1

[Event "DFMM: NRW I-Thüringen"]
[Site "Braunfels"]
[Date "2010.06.05"]
[Round "4.8"]
[White "Vogel, Heike"]
[Black "Kinzel, Tiffany"]
[Result "1-0"]
[WhiteElo "2095"]
[BlackElo "1570"]
[PlyCount "67"]
[EventDate "2010.06.03"]
[WhiteTeam "NRW I"]
[BlackTeam "Thüringen"]

1. d4 Nf6 2. Bg5 e6 3. Nd2 Be7 4. e4 b6 5. Ngf3 Bb7 6. Bd3 O-O 7. Qe2 d5 8. e5
Nfd7 9. h4 c5 10. Bxh7+ Kxh7 11. Bxe7 Qxe7 12. Ng5+ Kh6 13. Qd3 f5 14. exf6
gxf6 15. O-O-O Nc6 16. Rde1 Nxd4 17. c3 Ne5 18. Qh3 Nf5 19. f4 Rh8 20. Nxe6
Qxe6 21. fxe5 fxe5 22. g4 Ng7 23. Qe3+ Kh7 24. Nf3 d4 25. Ng5+ Kg8 26. Qg3 Qxa2
27. Rhf1 Ba6 28. Qf3 Re8 29. Rf2 Qa1+ 30. Kc2 d3+ 31. Kd2 Qxb2+ 32. Ke3 Qb3 33.
Ref1 d2 34. Qf8+ 1-0

[Event "DFMM: Sachsen-Baden"]
[Site "Braunfels"]
[Date "2010.06.05"]
[Round "4.1"]
[White "Zilberman, Polina"]
[Black "Rößler, Ulrike"]
[Result "1-0"]
[WhiteElo "2169"]
[BlackElo "2176"]
[PlyCount "75"]
[EventDate "2010.06.03"]
[WhiteTeam "Baden"]
[BlackTeam "Sachsen"]

1. e4 d6 2. d4 Nf6 3. Bd3 e5 4. c3 Nbd7 5. Nf3 g6 6. O-O Bg7 7. Re1 O-O 8. Bg5
h6 9. Bh4 Re8 10. Nbd2 Nf8 11. dxe5 dxe5 12. Nc4 Bg4 13. h3 Bxf3 14. Qxf3 Qe7
15. Ne3 c6 16. Bc4 N8h7 17. Qe2 Qc7 18. f3 Nh5 19. Rad1 Bf6 20. Bf2 Nf4 21. Qc2
Ng5 22. h4 Nge6 23. Kh2 Rad8 24. g3 Nh5 25. Ng4 Rxd1 26. Rxd1 Kg7 27. Qd2 g5
28. Qd7 Re7 29. Qxc7 Nxc7 30. Ne3 Kg6 31. Nf5 Re8 32. g4 Nf4 33. h5+ Kh7 34.
Rd7 Nce6 35. Rxf7+ Bg7 36. Be3 Kg8 37. Rxg7+ Kh8 38. Rxb7 1-0

[Event "DFMM: Sachsen-Baden"]
[Site "Braunfels"]
[Date "2010.06.05"]
[Round "4.2"]
[White "Schulz, Petra"]
[Black "Frey, Alisa"]
[Result "0-1"]
[WhiteElo "2085"]
[BlackElo "2049"]
[PlyCount "70"]
[EventDate "2010.06.03"]
[WhiteTeam "Sachsen"]
[BlackTeam "Baden"]

1. e4 c5 2. Nf3 d6 3. Bb5+ Nd7 4. d4 cxd4 5. Qxd4 a6 6. Bxd7+ Bxd7 7. Nc3 Nf6
8. Bg5 Qa5 9. O-O Bg4 10. b4 Qd8 11. Nd2 Rc8 12. h3 Be6 13. Rfc1 Qc7 14. Nd1 h6
15. Bxf6 gxf6 16. c4 Bg7 17. Ne3 Qd7 18. g4 h5 19. Nf5 Bh6 20. Rc3 Bf4 21. Qd3
hxg4 22. hxg4 Be5 23. Rac1 Bxc3 24. Rxc3 Bxf5 25. exf5 Qa4 26. Qb1 b5 27. c5
dxc5 28. Ne4 Rd8 29. Rb3 Rd4 30. f3 Rxb4 31. Qe1 Rxb3 32. axb3 Qd4+ 33. Kg2
Qb2+ 34. Nd2 O-O 35. Kh1 Rd8 0-1

[Event "DFMM: Sachsen-Baden"]
[Site "Braunfels"]
[Date "2010.06.05"]
[Round "4.3"]
[White "Vidonyak, Nellya"]
[Black "Gasch, Franziska"]
[Result "0-1"]
[WhiteElo "2175"]
[BlackElo "1979"]
[PlyCount "64"]
[EventDate "2010.06.03"]
[WhiteTeam "Baden"]
[BlackTeam "Sachsen"]

1. d4 Nf6 2. Nf3 g6 3. Nbd2 Bg7 4. e4 d6 5. c3 O-O 6. Bd3 Nbd7 7. O-O e5 8. Re1
Nh5 9. Bf1 Qe8 10. Nc4 Nb6 11. dxe5 dxe5 12. Be3 Nxc4 13. Bxc4 b6 14. Qb3 h6
15. h3 Kh7 16. Rad1 g5 17. Kh2 Qe7 18. g4 Qf6 19. Ng1 Nf4 20. Bf1 h5 21. f3 Rh8
22. Ne2 hxg4 23. hxg4 Qh6+ 24. Kg1 Kg6 25. Bxf4 gxf4 26. Bg2 Bf8 27. Nc1 Qh2+
28. Kf1 Bc5 29. Ne2 Qh4 30. Nxf4+ exf4 31. Qc2 Ba6+ 32. c4 Bxc4+ 0-1

[Event "DFMM: Sachsen-Baden"]
[Site "Braunfels"]
[Date "2010.06.05"]
[Round "4.4"]
[White "Dämering, Katrin"]
[Black "Rubina, Tatiana"]
[Result "1/2-1/2"]
[WhiteElo "2050"]
[BlackElo "1980"]
[PlyCount "46"]
[EventDate "2010.06.03"]
[WhiteTeam "Sachsen"]
[BlackTeam "Baden"]

1. e4 e6 2. d3 d5 3. Qe2 Be7 4. Nf3 b6 5. g3 Bb7 6. Bg2 c5 7. O-O Nc6 8. e5 h5
9. h4 Nh6 10. Bf4 Nf5 11. c3 Qd7 12. Re1 a5 13. a4 Ba6 14. Na3 Na7 15. c4 Rd8
16. Red1 Nc6 17. Nc2 Qc7 18. b3 g6 19. Rd2 Kf8 20. Rc1 Ncd4 21. Nfxd4 Nxd4 22.
Qd1 Nf3+ 23. Bxf3 d4 1/2-1/2

[Event "DFMM: Sachsen-Baden"]
[Site "Braunfels"]
[Date "2010.06.05"]
[Round "4.5"]
[White "Schneider, Birgit"]
[Black "Kalies, Grit"]
[Result "0-1"]
[WhiteElo "2025"]
[BlackElo "2016"]
[PlyCount "122"]
[EventDate "2010.06.03"]
[WhiteTeam "Baden"]
[BlackTeam "Sachsen"]

1. e4 d6 2. d4 Nf6 3. Nc3 g6 4. Nf3 Bg7 5. Bc4 O-O 6. Bb3 c5 7. h3 cxd4 8. Nxd4
Nbd7 9. O-O Nc5 10. Re1 Nxb3 11. Nxb3 b6 12. Nd5 Bb7 13. Bg5 e6 14. Nc3 Qe7 15.
Qd2 Rfd8 16. Rad1 a6 17. Qe3 Qc7 18. Qf4 Qe7 19. Re3 h6 20. Bxh6 Nh5 21. Qg5
Qxg5 22. Bxg5 f6 23. Bh4 g5 24. Bg3 Nxg3 25. fxg3 Rac8 26. Red3 Bf8 27. Nd4 Kf7
28. h4 g4 29. Nde2 b5 30. a3 Rc5 31. Rd4 a5 32. R1d2 Rdc8 33. e5 Rxe5 34. Rxg4
f5 35. Rgd4 Rc4 36. Rxc4 bxc4 37. Nd4 Bh6 38. Rd1 Rc5 39. Ndb5 Ke7 40. Nxd6 Bc6
41. a4 Bd7 42. Kf2 Bg7 43. Ndb5 Bxb5 44. Nxb5 Bxb2 45. c3 Rd5 46. Ke2 Rd3 47.
Rxd3 cxd3+ 48. Kxd3 Bc1 49. c4 e5 50. Ke2 Ke6 51. Kf3 e4+ 52. Ke2 Ke5 53. Na7
Kd6 54. Nc8+ Kd7 55. Nb6+ Kc6 56. Nc8 Kd7 57. Na7 Kd6 58. Kd1 Be3 59. Ke2 Bxa7
60. h5 Bd4 61. h6 Kc5 0-1

[Event "DFMM: Sachsen-Baden"]
[Site "Braunfels"]
[Date "2010.06.05"]
[Round "4.6"]
[White "Just, Gabriele"]
[Black "Kohm, Vanessa"]
[Result "1/2-1/2"]
[WhiteElo "1936"]
[BlackElo "1768"]
[PlyCount "111"]
[EventDate "2010.06.03"]
[WhiteTeam "Sachsen"]
[BlackTeam "Baden"]

1. d4 d5 2. Nf3 Nf6 3. Bf4 e6 4. e3 c5 5. Nbd2 Nc6 6. c3 Bd7 7. Bd3 a6 8. O-O
b5 9. Re1 Qb6 10. Ne5 Be7 11. Qf3 b4 12. Bg5 c4 13. Bf1 bxc3 14. bxc3 Rc8 15.
e4 Nxe5 16. dxe5 Nxe4 17. Nxe4 dxe4 18. Qg3 Bxg5 19. Qxg5 O-O 20. Rxe4 f6 21.
Qe3 Qxe3 22. Rxe3 f5 23. Rd1 Bb5 24. Rd6 Kf7 25. a4 Bxa4 26. Rxa6 Bc2 27. Ra7+
Kg8 28. Rg3 Rf7 29. Ra6 f4 30. Rg4 Rd8 31. Rd6 Ra8 32. f3 Rc8 33. Rd4 Rf5 34.
Rgxf4 Rxe5 35. Rxc4 Ra8 36. Rc7 g5 37. Rff7 Bg6 38. Rfd7 Kf8 39. Kf2 Rd5 40. c4
Ra2+ 41. Kg3 Rxd7 42. Rxd7 Rc2 43. h4 gxh4+ 44. Kxh4 Rc1 45. Be2 Rc2 46. Bd1
Rxc4+ 47. g4 Rc3 48. Kg5 Rd3 49. Rxd3 Bxd3 50. Kf6 Bc4 51. f4 Kg8 52. Bf3 h6
53. Kg6 Bd3+ 54. Kxh6 Kf7 55. Kg5 Kg7 56. f5 1/2-1/2

[Event "DFMM: Sachsen-Baden"]
[Site "Braunfels"]
[Date "2010.06.05"]
[Round "4.7"]
[White "Dittrich, Jacqueline"]
[Black "Just, Anita"]
[Result "0-1"]
[WhiteElo "1731"]
[BlackElo "1984"]
[PlyCount "74"]
[EventDate "2010.06.03"]
[WhiteTeam "Baden"]
[BlackTeam "Sachsen"]

1. Nc3 e6 2. e4 d5 3. d4 Bb4 4. Bd2 Bxc3 5. Bxc3 Ne7 6. e5 Qd7 7. Qg4 O-O 8.
Bd3 Ng6 9. Ne2 b6 10. h4 Ba6 11. Bxa6 Nxa6 12. h5 Nh8 13. Ng3 f5 14. Qf4 Nf7
15. Bd2 c5 16. c3 Rac8 17. Be3 cxd4 18. Bxd4 Nc5 19. O-O Qe7 20. Rad1 Nh6 21.
Ne2 Qf7 22. Qh4 f4 23. g3 f3 24. Nf4 Qf5 25. Be3 Ng4 26. Qh3 Nxe3 27. fxe3 Qxe5
28. Rxf3 Rf5 29. Rdf1 Rcf8 30. g4 R5f6 31. Qg2 Qe4 32. g5 Rf5 33. g6 h6 34. Qh3
e5 35. b4 Nd3 36. Ne6 Rxf3 37. Rxf3 Qxf3 0-1

[Event "DFMM: Sachsen-Baden"]
[Site "Braunfels"]
[Date "2010.06.05"]
[Round "4.8"]
[White "Neumeyer, Hannelore"]
[Black "Braun, Viktoria"]
[Result "1-0"]
[WhiteElo "2055"]
[BlackElo "1588"]
[PlyCount "83"]
[EventDate "2010.06.03"]
[WhiteTeam "Sachsen"]
[BlackTeam "Baden"]

1. d4 d5 2. e4 dxe4 3. Nc3 Nf6 4. f3 exf3 5. Nxf3 Bf5 6. Bc4 e6 7. O-O Be7 8.
Ne5 O-O 9. Be3 c6 10. Qe2 Nbd7 11. Rad1 Nb6 12. Bb3 Nbd5 13. Nxd5 cxd5 14. Bg5
Be4 15. Qb5 Qc7 16. c3 Nh5 17. Bxe7 Qxe7 18. Qe2 Qg5 19. Qg4 Qxg4 20. Nxg4 Rac8
21. Ne5 Nf6 22. Rf4 Rc7 23. Rdf1 b5 24. g4 h6 25. h4 Nh7 26. a3 f6 27. Rxe4
dxe4 28. Bxe6+ Rff7 29. Nxf7 Nf8 30. Nd8+ Nxe6 31. Nxe6 Re7 32. Nf4 Kf7 33. h5
a5 34. Ng6 Re8 35. Rf5 Rb8 36. Kf2 b4 37. Rxa5 bxc3 38. bxc3 Rb3 39. c4 Rc3 40.
Ra7+ Kg8 41. d5 Rd3 42. Ra8+ 1-0

[Event "DFMM: Schleswig-Holstein-Hessen"]
[Site "Braunfels"]
[Date "2010.06.05"]
[Round "4.1"]
[White "Toth, Lili"]
[Black "Leib, Britta"]
[Result "1/2-1/2"]
[WhiteElo "2198"]
[BlackElo "1985"]
[PlyCount "62"]
[EventDate "2010.06.03"]
[WhiteTeam "Hessen"]
[BlackTeam "Schleswig-Holstein"]

1. d4 g6 2. e4 d6 3. f3 Bg7 4. Nc3 Nf6 5. Be3 O-O 6. Nge2 c6 7. Qd2 Re8 8. g4
e5 9. O-O-O Qa5 10. Kb1 b5 11. Nc1 b4 12. N3e2 Be6 13. g5 Nh5 14. d5 cxd5 15.
exd5 Bf5 16. Nb3 Qc7 17. Ng3 Nxg3 18. hxg3 a5 19. g4 Bd7 20. Bd3 Na6 21. Qh2 a4
22. Nc1 Nc5 23. Qxh7+ Kf8 24. Bxg6 fxg6 25. Qxg6 Bb5 26. Rh7 Rad8 27. Rdh1 Qf7
28. Qf5 Bd7 29. Qxf7+ Kxf7 30. R1h6 Kg8 31. Rh3 Bb5 1/2-1/2

[Event "DFMM: Schleswig-Holstein-Hessen"]
[Site "Braunfels"]
[Date "2010.06.05"]
[Round "4.2"]
[White "Marx, Inga"]
[Black "Petri, Birgit"]
[Result "1/2-1/2"]
[WhiteElo "1756"]
[BlackElo "2089"]
[PlyCount "114"]
[EventDate "2010.06.03"]
[WhiteTeam "Schleswig-Holstein"]
[BlackTeam "Hessen"]

1. e4 c5 2. Nf3 e6 3. d4 cxd4 4. Nxd4 Nc6 5. g3 d5 6. Bg2 dxe4 7. Nxc6 Qxd1+ 8.
Kxd1 bxc6 9. Bxe4 Bb7 10. Be3 Nf6 11. Bf3 Bd6 12. Nc3 O-O 13. Ke1 Be5 14. Ne2
Rfd8 15. c3 Nd5 16. Bc5 Nb6 17. Nd4 Na4 18. Be7 Rdc8 19. Rb1 Rab8 20. Nb3 Nxb2
21. Rxb2 Bxc3+ 22. Rd2 Ba6 23. Be2 Bb5 24. Kd1 Ba4 25. Rd3 Bxb3+ 26. axb3 Rxb3
27. Kc2 Rb2+ 28. Kxc3 Rxe2 29. Bc5 Ra2 30. Rhd1 h6 31. Rd8+ Rxd8 32. Rxd8+ Kh7
33. Ra8 a6 34. Ra7 Kg6 35. Rc7 Ra1 36. Kb2 Ra4 37. Rxc6 h5 38. Kb3 Ra1 39. Bd4
Ra5 40. Be3 Rf5 41. Bd4 Ra5 42. Rc5 Rxc5 43. Bxc5 Kf5 44. h3 Ke4 45. Kc4 f5 46.
h4 e5 47. Bd6 f4 48. gxf4 exf4 49. Be7 Kf3 50. Bg5 Ke4 51. Kb4 f3 52. Ka5 Kf5
53. Kxa6 Kg4 54. Kb5 Kh3 55. Kc4 Kg2 56. Be3 Kh3 57. Bg5 Kg2 1/2-1/2

[Event "DFMM: Schleswig-Holstein-Hessen"]
[Site "Braunfels"]
[Date "2010.06.05"]
[Round "4.3"]
[White "Heymann-Lobzhanidze, Anna-Luise"]
[Black "Freter, Anke"]
[Result "0-1"]
[WhiteElo "2085"]
[BlackElo "1951"]
[PlyCount "38"]
[EventDate "2010.06.03"]
[WhiteTeam "Hessen"]
[BlackTeam "Schleswig-Holstein"]

1. e4 c5 2. Nf3 Nc6 3. d4 cxd4 4. Nxd4 Nf6 5. Nc3 e5 6. Ndb5 d6 7. Bg5 a6 8.
Na3 Be7 9. Bxf6 gxf6 10. Nc4 f5 11. exf5 Bxf5 12. Ne3 Bg6 13. Ncd5 O-O 14. g4
Nd4 15. c3 Be4 16. cxd4 Bxh1 17. Nxe7+ Qxe7 18. Nf5 Qf6 19. Qe2 exd4 0-1

[Event "DFMM: Schleswig-Holstein-Hessen"]
[Site "Braunfels"]
[Date "2010.06.05"]
[Round "4.4"]
[White "Hielscher, Ursula"]
[Black "Ries, Jutta"]
[Result "0-1"]
[WhiteElo "1878"]
[BlackElo "1955"]
[PlyCount "98"]
[EventDate "2010.06.03"]
[WhiteTeam "Schleswig-Holstein"]
[BlackTeam "Hessen"]

1. d4 Nf6 2. c4 c5 3. d5 b5 4. cxb5 a6 5. bxa6 Bxa6 6. Nc3 d6 7. Nf3 g6 8. g3
Bg7 9. Bg2 O-O 10. O-O Nbd7 11. Re1 Qb6 12. Rb1 Rfb8 13. Qc2 Bc4 14. b3 Bxd5
15. e4 Bc6 16. Bg5 Qb7 17. Nh4 h6 18. Bd2 Ra7 19. f4 Ng4 20. h3 Bd4+ 21. Kh1
Ngf6 22. Re2 Rba8 23. a4 Rb8 24. Kh2 Ne8 25. e5 Nf8 26. Bxc6 Qxc6 27. Nb5 Qa6
28. Rbe1 Rab7 29. exd6 Nxd6 30. Nxd4 cxd4 31. Rxe7 Rxb3 32. Qd1 Rb2 33. Kg1 Qb6
34. Qe2 d3+ 35. Be3 Rxe2 36. Bxb6 Rxe1+ 37. Rxe1 Rxb6 38. Rd1 Rb3 39. Nf3 Nc4
40. Nd4 Ra3 41. Nb5 Rxa4 42. Rxd3 Ra2 43. Nc7 Rd2 44. Rc3 Nd6 45. Kf1 Ne6 46.
Na6 Nd4 47. Ke1 Ne4 48. Rc8+ Kg7 49. Nb4 Nf3+ 0-1

[Event "DFMM: Schleswig-Holstein-Hessen"]
[Site "Braunfels"]
[Date "2010.06.05"]
[Round "4.5"]
[White "Moutaqi, Sandra"]
[Black "Polert, Annika"]
[Result "1-0"]
[WhiteElo "2091"]
[BlackElo "1692"]
[PlyCount "79"]
[EventDate "2010.06.03"]
[WhiteTeam "Hessen"]
[BlackTeam "Schleswig-Holstein"]

1. d4 Nf6 2. c4 e6 3. Nc3 d5 4. cxd5 Nxd5 5. e4 Nf6 6. Bg5 Be7 7. Nf3 O-O 8.
Bd3 h6 9. Bh4 Re8 10. e5 Nd5 11. Bxe7 Qxe7 12. O-O Nd7 13. Rc1 Nxc3 14. Rxc3 c5
15. Bb1 cxd4 16. Qxd4 Nf8 17. Rd1 Qd7 18. Be4 Qxd4 19. Rxd4 Rb8 20. Rc7 a6 21.
g3 Ng6 22. h4 Rf8 23. h5 Nh8 24. Rd6 b5 25. b4 Re8 26. Nd4 g6 27. g4 gxh5 28.
gxh5 f6 29. Bh7+ Kf8 30. exf6 e5 31. Nf5 Nf7 32. Rxf7+ Kxf7 33. Bg6+ Kf8 34. f7
Bxf5 35. fxe8=Q+ Rxe8 36. Bxe8 Kxe8 37. Rxa6 Bb1 38. a3 Kf7 39. Rxh6 Kg7 40.
Re6 1-0